[Event "2BLW 2122 SV 1920 Hofheim - SV Koblenz"]
[Site "?"]
[Date "2022.04.30"]
[Round "3.6"]
[White "Zude, Erik"]
[Black "Schenderowitsch, Michael"]
[Result "1-0"]
[WhiteElo "2385"]
[BlackElo "2335"]
[PlyCount "223"]
[EventDate "2022.??.??"]

1. e4 e6 2. d4 d5 3. exd5 exd5 4. Nf3 Bg4 5. h3 Bh5 6. Qe2+ Qe7 7. Be3 Nc6 8.
Nc3 O-O-O 9. g4 Bg6 10. O-O-O Qe8 11. Nh4 Bb4 12. Nxg6 hxg6 13. Qd3 Nf6 14. Bg2
Bxc3 15. Qxc3 Ne4 16. Qa3 f5 17. Rhe1 Qf7 18. f3 Nd6 19. Qd3 Rde8 20. b3 Re6
21. Bd2 Rhe8 22. c3 Nd8 23. Re5 Nc6 24. Rxe6 Rxe6 25. Re1 Rxe1+ 26. Bxe1 g5 27.
Bd2 Qf6 28. gxf5 Nxf5 29. f4 gxf4 30. Bxd5 Nce7 31. Bf3 g5 32. Qb5 c6 33. Qe2
Kc7 34. Qe4 Nd5 35. Be1 Nde3 36. Bf2 Kd8 37. Kb2 Qe7 38. Qxe7+ Kxe7 39. Kc1 Kd6
40. Kd2 a6 41. Kd3 Nd5 42. Be1 Nf6 43. c4 Ke6 44. a4 Kd7 45. a5 Kc7 46. Bf2 Ne7
47. Bh1 Kc8 48. b4 Kc7 49. Bf3 Kc8 50. Be1 Kc7 51. Bc3 Ne8 52. Bd2 Nf5 53. Be4
Ned6 54. Bh1 Ng3 55. Bf3 Ngf5 56. Bg4 Nh4 57. Be1 Ng6 58. Bf2 Kd8 59. Bh5 Nh4
60. Bg4 Ng6 61. Bf3 Kc7 62. Bh1 Kd7 63. Be1 Ne7 64. Bd2 Ng6 65. Bc3 Ne7 66. Bf3
Ng6 67. d5 cxd5 68. Bxd5 Kc7 69. Bf6 Nf5 70. Be4 Nfh4 71. Bxg5 Ne5+ 72. Ke2 f3+
73. Kf2 Nhg6 74. c5 Kc8 75. h4 Nf8 76. Bf5+ Nfd7 77. h5 Nf7 78. Bf4 Kd8 79. Be4
Kc8 80. h6 Nf6 81. Bf5+ Kd8 82. h7 Ke7 83. Kxf3 Nd5 84. Bd6+ Kf6 85. Be4 Nxb4
86. Kf4 Nc6 87. Bd5 Ncd8 88. Be5+ Ke7 89. h8=Q Nxh8 90. Bxh8 Kd7 91. Ke4 Nc6
92. Bc3 Nd8 93. Kd3 Kc7 94. Kc4 Kd7 95. Bg2 Kc7 96. Be5+ Kd7 97. Bh3+ Kc6 98.
Bd6 Nf7 99. Bg2+ Kd7 100. Bxb7 Nxd6+ 101. cxd6 Kxd6 102. Bxa6 Kc6 103. Bb5+ Kd6
104. Kd4 Kc7 105. Kc5 Kb8 106. Kd6 Ka8 107. Kc6 Ka7 108. Kc7 Ka8 109. Kb6 Kb8
110. Bd7 Ka8 111. a6 Kb8 112. a7+ 1-0

[Event "2BLW 2122 SV 1920 Hofheim - SV Koblenz"]
[Site "?"]
[Date "2022.04.30"]
[Round "3.7"]
[White "Hammes, Michael"]
[Black "Tischendorf, Michael"]
[Result "1/2-1/2"]
[WhiteElo "2334"]
[BlackElo "2146"]
[PlyCount "108"]
[EventDate "2022.??.??"]

1. d4 f5 2. c4 e6 3. a3 Nf6 4. Nc3 Be7 5. d5 e5 6. Nf3 d6 7. g3 O-O 8. Bg2 a5
9. O-O Qe8 10. c5 Na6 11. cxd6 cxd6 12. b4 Bd7 13. Qb3 axb4 14. axb4 Kh8 15.
Bd2 Qh5 16. h3 Rac8 17. Ng5 Ne4 18. Ncxe4 fxe4 19. g4 Qh4 20. Nxe4 h5 21. f3
hxg4 22. fxg4 Bb5 23. Qe3 Rc4 24. Rxf8+ Bxf8 25. Rf1 Be7 26. Be1 Qh6 27. g5 Qg6
28. h4 Nxb4 29. Qb6 Nxd5 30. Qxb5 Ne3 31. Qxb7 Nxg2 32. Qxe7 Qxe4 33. Qe8+ Kh7
34. Qh5+ Kg8 35. g6 Nf4 36. Qh7+ Kf8 37. Qh8+ Ke7 38. Qxg7+ Kd8 39. Qf6+ Kc8
40. Rxf4 Qxf4 41. Qxf4 Rxf4 42. h5 Kd7 43. Bg3 Rg4 44. Kg2 Rg5 45. Kh3 Rxh5+
46. Kg4 Rh8 47. Kf5 Ke7 48. g7 Rc8 49. Kg6 Ke6 50. Be1 Rb8 51. Bb4 Ra8 52. Ba3
Rb8 53. Bb4 Ra8 54. Ba3 Rb8 1/2-1/2

[Event "2BLW 2122 SV 1920 Hofheim - SV Koblenz"]
[Site "?"]
[Date "2022.04.30"]
[Round "3.8"]
[White "Fish, Jonathan M"]
[Black "Stewart, Neil"]
[Result "1-0"]
[WhiteElo "2045"]
[BlackElo "2245"]
[PlyCount "73"]
[EventDate "2022.??.??"]

1. e4 c5 2. Nf3 d6 3. d4 cxd4 4. Nxd4 Nf6 5. Nc3 Nc6 6. Be2 e5 7. Nb3 Be7 8.
O-O O-O 9. Be3 a5 10. Re1 Be6 11. Bf3 a4 12. Nc1 a3 13. Rb1 axb2 14. Rxb2 Na5
15. Nd5 Nxd5 16. exd5 Bd7 17. Be2 f5 18. c4 f4 19. Bb6 Qc8 20. c5 dxc5 21. Qd2
Bd8 22. Bxd8 Qxd8 23. Qc3 e4 24. Bf1 Bf5 25. Qxc5 Rf6 26. Ne2 Rc8 27. Qd4 Qd6
28. Nc3 Rc5 29. Rb5 b6 30. Nxe4 Bxe4 31. Qxe4 Kh8 32. Rxb6 Qd8 33. Rxf6 gxf6
34. Bd3 Qd7 35. Qxf4 Kg7 36. Re6 Rxd5 37. Qxf6+ 1-0

[Event "2BLW 2122 SC Remagen Sinzig - SC Hansa"]
[Site "?"]
[Date "2022.04.30"]
[Round "3.6"]
[White "Geirnaert, Steven"]
[Black "Wolf, Ulrich Martin"]
[Result "1-0"]
[WhiteElo "2407"]
[BlackElo "2149"]
[PlyCount "89"]
[EventDate "2022.??.??"]

1. d4 f5 2. Bg5 g6 3. Nd2 Bg7 4. e4 fxe4 5. Nxe4 d5 6. Ng3 Nc6 7. c3 Nh6 8. Nh5
Bf8 9. Qe2 Qd6 10. Bf4 Qe6 11. Ng3 Nf7 12. Qxe6 Bxe6 13. Bxc7 Bh6 14. N3e2 Nd6
15. Bxd6 exd6 16. h4 O-O 17. g3 Bf5 18. Bg2 Be4 19. f3 Bc2 20. f4 Be4 21. Bxe4
dxe4 22. Nh3 d5 23. Nf2 b5 24. Ng4 Bg7 25. Ne3 Ne7 26. h5 Rad8 27. g4 Rf7 28.
a4 b4 29. cxb4 Nc6 30. Nc2 Rb8 31. b5 Na5 32. h6 Bf8 33. g5 a6 34. O-O Nb3 35.
Rad1 axb5 36. Ne3 bxa4 37. Nxd5 Rc8 38. Ng3 Rc2 39. Rf2 Rc4 40. Nxe4 Nxd4 41.
Nef6+ Kh8 42. Ne3 Rfc7 43. Nxc4 Rxc4 44. Kg2 Ne6 45. Rd7 1-0

[Event "2BLW 2122 SC Remagen Sinzig - SC Hansa"]
[Site "?"]
[Date "2022.04.30"]
[Round "3.1"]
[White "Klyuner, Vyacheslav"]
[Black "Plat, Vojtech"]
[Result "1/2-1/2"]
[WhiteElo "2438"]
[BlackElo "2546"]
[PlyCount "34"]
[EventDate "2022.??.??"]

1. e4 d6 2. d4 Nf6 3. Nc3 e5 4. dxe5 dxe5 5. Qxd8+ Kxd8 6. Bc4 Be6 7. Bxe6 fxe6
8. Be3 Nbd7 9. f3 c6 10. O-O-O Kc7 11. Nh3 h6 12. Nf2 b5 13. h3 Bd6 14. Ng4 Ne8
15. h4 h5 16. Nf2 Nef6 17. Nh3 Bc5 1/2-1/2

[Event "2BLW 2122 SC Remagen Sinzig - SC Hansa"]
[Site "?"]
[Date "2022.04.30"]
[Round "3.5"]
[White "Kotter, Ralf"]
[Black "Jaracz, Pawel"]
[Result "0-1"]
[WhiteElo "2335"]
[BlackElo "2465"]
[PlyCount "84"]
[EventDate "2022.??.??"]

1. e4 c5 2. Nf3 e6 3. g3 b6 4. Bg2 Bb7 5. Nc3 Nf6 6. e5 Nd5 7. Nxd5 Bxd5 8. O-O
Nc6 9. b3 g6 10. Bb2 Bg7 11. Re1 Rc8 12. c4 Bxf3 13. Bxf3 d6 14. Bxc6+ Rxc6 15.
d4 cxd4 16. Qf3 Qd7 17. Bxd4 dxe5 18. Bc3 O-O 19. Rad1 Qc7 20. Bb4 Re8 21. Re2
Qc8 22. Red2 Rc7 23. h4 h6 24. Qe3 Rb7 25. Bc3 f6 26. a4 Rf7 27. Bb4 h5 28. Rd3
Kh7 29. a5 bxa5 30. Bxa5 Qb7 31. c5 f5 32. Qc1 Qb5 33. b4 e4 34. Rd6 f4 35. Qc2
fxg3 36. fxg3 Rf3 37. Kh2 e3 38. Kh3 Be5 39. Rg1 Bxd6 40. cxd6 Rf2 41. Qe4 Ref8
42. Qxe6 Re8 0-1

[Event "2BLW 2122 SC Remagen Sinzig - SC Hansa"]
[Site "?"]
[Date "2022.04.30"]
[Round "3.3"]
[White "Scholz, Christian"]
[Black "Burg, Twan"]
[Result "0-1"]
[WhiteElo "2362"]
[BlackElo "2507"]
[PlyCount "50"]
[EventDate "2022.??.??"]

1. d4 Nf6 2. c4 e6 3. Nf3 d5 4. Qc2 c5 5. dxc5 Bxc5 6. cxd5 Qb6 7. Be3 Na6 8.
Bxc5 Nxc5 9. Nc3 exd5 10. e3 O-O 11. Be2 Bf5 12. Qd2 Rfd8 13. O-O Nfe4 14. Nxe4
dxe4 15. Nd4 Ne6 16. Rfd1 Rac8 17. b3 h6 18. Bc4 Nxd4 19. exd4 Rc6 20. d5 Rcd6
21. Qe2 Rg6 22. Qe3 Qf6 23. Qxa7 Rxg2+ 24. Kf1 Bh3 25. Ke1 Qc3+ 0-1

[Event "2BLW 2122 SC Remagen Sinzig - SC Hansa"]
[Site "?"]
[Date "2022.04.30"]
[Round "3.2"]
[White "Swinkels, Robin"]
[Black "Wegener, Olaf"]
[Result "1-0"]
[WhiteElo "2504"]
[BlackElo "2421"]
[PlyCount "125"]
[EventDate "2022.??.??"]

1. d4 Nf6 2. c4 e6 3. g3 d5 4. Bg2 dxc4 5. Nf3 a6 6. O-O Nc6 7. a4 Rb8 8. a5 b5
9. axb6 cxb6 10. Nc3 Nb4 11. Ne5 Bb7 12. Qa4+ Nd7 13. Bxb7 Rxb7 14. Nc6 Nxc6
15. Qxc6 Rc7 16. Qa4 Qc8 17. Bf4 Rc6 18. Qxa6 f6 19. d5 exd5 20. Nxd5 Bc5 21.
Qxc8+ Rxc8 22. Ra7 Rd8 23. Bc7 Rc8 24. Rd1 O-O 25. Ne7+ Bxe7 26. Rxd7 Rfe8 27.
Bxb6 Bf8 28. e3 c3 29. bxc3 Rxc3 30. Bd4 Rcc8 31. g4 Red8 32. h4 Rxd7 33. Rxd7
h6 34. Kg2 Rc2 35. Kg3 Bc5 36. h5 Bf8 37. f3 Ra2 38. Kf4 Ra5 39. Ke4 Rb5 40.
Rd5 Rb7 41. Kf5 Kf7 42. Ra5 Be7 43. Bc5 Bxc5 44. Rxc5 Re7 45. e4 Ra7 46. f4 Rb7
47. Ra5 Rc7 48. Rd5 Ra7 49. e5 fxe5 50. fxe5 Ra4 51. Rd7+ Kg8 52. g5 hxg5 53.
Kg6 Ra6+ 54. Rd6 Ra8 55. e6 Kf8 56. Rd7 g4 57. Rf7+ Ke8 58. Kxg7 Ra4 59. h6 g3
60. h7 Rg4+ 61. Kf6 Rh4 62. Rg7 Rh6+ 63. Rg6 1-0

[Event "2BLW 2122 SG Porz - SG Solingen II"]
[Site "?"]
[Date "2022.04.30"]
[Round "3.1"]
[White "Wegerle, Joerg"]
[Black "Lutz, Christopher"]
[Result "1/2-1/2"]
[WhiteElo "2405"]
[BlackElo "2538"]
[PlyCount "52"]
[EventDate "2022.??.??"]

1. d4 Nf6 2. Bg5 e6 3. e4 h6 4. Bxf6 Qxf6 5. c3 d5 6. Bd3 c5 7. Nf3 dxe4 8.
Bxe4 Bd6 9. Qa4+ Nd7 10. Nbd2 cxd4 11. cxd4 O-O 12. O-O Qe7 13. Rac1 Nf6 14.
Rfe1 Nxe4 15. Nxe4 Bd7 16. Qb3 Bc6 17. Ne5 Bxe4 18. Rxe4 Rac8 19. Rc3 Rxc3 20.
bxc3 Qc7 21. g3 Rc8 22. Re3 b6 23. Nf3 Qc6 24. Rd3 Qe4 25. c4 Qf5 26. Nd2 Be7
1/2-1/2

[Event "2BLW 2122 SG Porz - SG Solingen II"]
[Site "?"]
[Date "2022.04.30"]
[Round "3.2"]
[White "Xu, Xianliang"]
[Black "Roseneck, Jonas"]
[Result "1-0"]
[WhiteElo "2440"]
[BlackElo "2376"]
[PlyCount "103"]
[EventDate "2022.??.??"]

1. e4 c5 2. Nf3 d6 3. Bb5+ Nd7 4. d4 cxd4 5. Qxd4 a6 6. Bxd7+ Bxd7 7. c4 f5 8.
e5 Bc6 9. O-O Bxf3 10. gxf3 e6 11. Re1 Kf7 12. Rd1 d5 13. Nc3 Ne7 14. Bg5 Nc6
15. Bxd8 Nxd4 16. Rxd4 Bc5 17. Rd3 Raxd8 18. cxd5 exd5 19. Nxd5 Ke6 20. Rad1
Rc8 21. f4 Be7 22. Nc3 Bc5 23. Rd7 Rhg8 24. h4 b5 25. Ne2 b4 26. Nc1 Be7 27.
Nb3 Rc4 28. Rb7 Rd8 29. Rxd8 Bxd8 30. Rxg7 a5 31. Rxh7 a4 32. Rh6+ Kf7 33. Nd2
Rxf4 34. Ra6 Bxh4 35. Rxa4 Bxf2+ 36. Kg2 Bd4 37. Nc4 Bc5 38. b3 Ke6 39. Kg3 Rd4
40. Ra5 Rd3+ 41. Kf4 Rd4+ 42. Kf3 Be7 43. Ra6+ Kf7 44. Ne3 Bg5 45. e6+ Kf6 46.
e7+ Kf7 47. Ra8 Bxe7 48. Ra7 Kf6 49. Rxe7 f4 50. Nc2 Rd3+ 51. Ke2 Rc3 52. Nxb4
1-0

[Event "2BLW 2122 SG Porz - SG Solingen II"]
[Site "?"]
[Date "2022.04.30"]
[Round "3.3"]
[White "Halvax, Georg"]
[Black "Rotstein, Arkadij"]
[Result "1-0"]
[WhiteElo "2404"]
[BlackElo "2458"]
[PlyCount "105"]
[EventDate "2022.??.??"]

1. d4 Nf6 2. c4 e6 3. Nf3 d5 4. e3 c5 5. a3 a6 6. dxc5 Bxc5 7. b4 Bd6 8. Nbd2
O-O 9. Bb2 Nc6 10. Be2 Qe7 11. O-O Rd8 12. Qc2 Bd7 13. Rac1 Rac8 14. Qb1 Bb8
15. Rfd1 h6 16. cxd5 exd5 17. Qa1 Bg4 18. Bxf6 gxf6 19. Nd4 Bxe2 20. Nxe2 Qe5
21. Nf3 Qxa1 22. Rxa1 a5 23. bxa5 Nxa5 24. Nfd4 Be5 25. Rab1 Rd7 26. g3 Nc4 27.
Rb3 Ra8 28. Nb5 Ra5 29. Kg2 Kg7 30. Ned4 Kg6 31. Nf3 Bb2 32. Nh4+ Kh7 33. Rdd3
Be5 34. Nf5 h5 35. h3 Nb2 36. Rd2 Nc4 37. Rd1 Nb2 38. Rd2 Nc4 39. Rd1 Nb2 40.
Rb1 Nc4 41. Rb4 Rd8 42. Rd1 b6 43. Ne7 Nxa3 44. Nc6 Rda8 45. Nxa3 Rxa3 46. Rxd5
Re8 47. Rxb6 Re6 48. Nxe5 Rxe5 49. Rdd6 h4 50. Rxf6 Kg7 51. g4 Ra2 52. Rf3 Re7
53. Rb5 1-0

[Event "2BLW 2122 SG Porz - SG Solingen II"]
[Site "?"]
[Date "2022.04.30"]
[Round "3.4"]
[White "Korotkjevich, Stanislav"]
[Black "Schlecht, Daniel"]
[Result "0-1"]
[WhiteElo "2360"]
[BlackElo "2376"]
[PlyCount "88"]
[EventDate "2022.??.??"]

1. d4 Nf6 2. Nf3 e6 3. Bf4 c5 4. e3 cxd4 5. exd4 Be7 6. Bd3 O-O 7. O-O b6 8. h3
Ba6 9. Bxa6 Nxa6 10. Qe2 Nc7 11. Nbd2 b5 12. a4 Ncd5 13. Bh2 b4 14. a5 Qc8 15.
Rfc1 d6 16. c4 bxc3 17. bxc3 Qd7 18. c4 Nb4 19. Nf1 Rfc8 20. Ne3 Qc6 21. Qd2
Na6 22. d5 Qd7 23. Nd4 e5 24. Nc6 Ne4 25. Qc2 Nec5 26. Ra3 Nb8 27. Nb4 Nba6 28.
Nc6 Nb8 29. Bxe5 dxe5 30. Nxe5 Qc7 31. Nf5 Qxe5 32. Re3 Qxe3 33. fxe3 Bf6 34.
Rf1 Nbd7 35. Nd6 Rf8 36. Qf5 g6 37. Qc2 Be5 38. Nb5 a6 39. Nd4 Bc7 40. Qc3 Be5
41. Qa3 Rab8 42. Nc6 Rb3 43. Qa2 Rxe3 44. Qf2 Re4 0-1

[Event "2BLW 2122 SG Porz - SG Solingen II"]
[Site "?"]
[Date "2022.04.30"]
[Round "3.5"]
[White "Schaefer, Markus"]
[Black "Malykin, Vitaly"]
[Result "1/2-1/2"]
[WhiteElo "2373"]
[BlackElo "2337"]
[PlyCount "52"]
[EventDate "2022.??.??"]

1. e4 g6 2. d4 Bg7 3. Nf3 d6 4. Bc4 e6 5. O-O Ne7 6. Nbd2 O-O 7. c3 Nd7 8. Re1
c5 9. Bf1 Nc6 10. dxc5 Nxc5 11. Nb3 b6 12. Nbd4 Ne5 13. Bg5 Nxf3+ 14. Nxf3 f6
15. Bh4 Bb7 16. Nd4 e5 17. Nb5 Nxe4 18. f3 a6 19. fxe4 axb5 20. Bxb5 Qc7 21.
Qd3 f5 22. Qc4+ Qxc4 23. Bxc4+ Kh8 24. Rad1 Bxe4 25. Rxd6 b5 26. Bb3 Rfc8
1/2-1/2

[Event "2BLW 2122 SG Porz - SG Solingen II"]
[Site "?"]
[Date "2022.04.30"]
[Round "3.6"]
[White "Marcziter, Dmitrii"]
[Black "Hobusch, Jan"]
[Result "1/2-1/2"]
[WhiteElo "2227"]
[BlackElo "2232"]
[PlyCount "132"]
[EventDate "2022.??.??"]

1. d4 d5 2. c4 dxc4 3. e4 Nc6 4. Nf3 Bg4 5. d5 Ne5 6. Bf4 Ng6 7. Be3 Nf6 8. Nc3
e5 9. Bxc4 a6 10. Be2 Bd6 11. O-O O-O 12. Nd2 Bd7 13. Bf3 b5 14. Rc1 Rc8 15. a4
c6 16. dxc6 Bxc6 17. axb5 axb5 18. Nd5 Bxd5 19. exd5 h6 20. Qb3 Qe7 21. g3 Bc5
22. Qxb5 Bxe3 23. fxe3 e4 24. Bg2 Rb8 25. Qc5 Rxb2 26. Qxe7 Nxe7 27. Nc4 Re2
28. d6 Ned5 29. Rf2 Rxf2 30. Kxf2 Rd8 31. Bh3 Nb4 32. Rb1 Nd3+ 33. Ke2 Ne8 34.
Rb6 Kf8 35. Bf5 Nc5 36. Rc6 g6 37. Bh3 Nd7 38. Kd2 h5 39. Kc3 f5 40. Kd4 Nb8
41. Rb6 Nd7 42. Rb7 Kf7 43. Kd5 Nef6+ 44. Kc6 Ke6 45. Bf1 Rc8+ 46. Rc7 Rb8 47.
Be2 Rb1 48. Rb7 Re1 49. Rb2 Rc1 50. Rd2 Ne5+ 51. Kb5 Rb1+ 52. Ka4 Nfd7 53. Nxe5
Kxe5 54. Bb5 Nc5+ 55. Ka5 Nb7+ 56. Ka4 Nxd6 57. Be2 Nc8 58. Ka3 Ne7 59. Ka2 Rc1
60. Kb2 Rc6 61. Rc2 Rb6+ 62. Kc1 Nd5 63. Kd2 Rb3 64. Bc4 Rb1 65. Ra2 Rb6 66.
Ra5 Rd6 1/2-1/2

[Event "2BLW 2122 SG Porz - SG Solingen II"]
[Site "?"]
[Date "2022.04.30"]
[Round "3.7"]
[White "Zolfagharian, Kevin"]
[Black "Pauly, Carlo"]
[Result "0-1"]
[WhiteElo "2239"]
[BlackElo "2312"]
[PlyCount "69"]
[EventDate "2022.??.??"]

1. e4 c5 2. Nf3 d6 3. d4 cxd4 4. Nxd4 Nf6 5. Nc3 a6 6. Bg5 Nbd7 7. Qe2 h6 8.
Bh4 g6 9. f4 e5 10. fxe5 dxe5 11. O-O-O Qc7 12. Nb3 b5 13. a3 Bb7 14. Qf3 Bg7
15. g4 O-O 16. Kb1 Bc6 17. Bd3 Rab8 18. Rhf1 a5 19. g5 hxg5 20. Bxg5 b4 21.
axb4 Rxb4 22. Nc5 Qb6 23. Nxd7 Rxb2+ 24. Ka1 Bxd7 25. Bxf6 Rb8 26. Bb5 Bxb5 27.
Rd8+ Rxd8 28. Bxd8 Qb7 29. Qxf7+ Qxf7 30. Rxf7 Rxc2 31. Re7 Bd3 32. Rxe5 a4 33.
h4 Bf8 34. Re8 Kf7 35. Re7+ 0-1

[Event "2BLW 2122 SG Porz - SG Solingen II"]
[Site "?"]
[Date "2022.04.30"]
[Round "3.8"]
[White "Sabirov, Ramil"]
[Black "Berg, Michael"]
[Result "0-1"]
[WhiteElo "2146"]
[BlackElo "2292"]
[PlyCount "58"]
[EventDate "2022.??.??"]

1. Nf3 c5 2. c4 Nc6 3. g3 g6 4. Bg2 Bg7 5. O-O a6 6. Nc3 Rb8 7. d3 b5 8. cxb5
axb5 9. Be3 d6 10. d4 b4 11. Na4 cxd4 12. Nxd4 Nxd4 13. Bxd4 Bxd4 14. Qxd4 Nf6
15. Rfc1 O-O 16. b3 Qa5 17. Nb2 Be6 18. Nd3 Rfc8 19. Rxc8+ Bxc8 20. Qb2 Bf5 21.
Qd2 Bxd3 22. Qxd3 Rc8 23. Qd2 Rc3 24. Rb1 Qc5 25. Rb2 Rc1+ 26. Bf1 Ne4 27. Qe3
Qc3 28. Qxe4 Qxb2 29. Qxe7 Qa1 0-1

[Event "2BLW 2122 SC Heimbach-Weis-Neuwied - SV"]
[Site "?"]
[Date "2022.05.01"]
[Round "4.1"]
[White "Bernadskiy, Vitaliy"]
[Black "Livaic, Leon"]
[Result "1/2-1/2"]
[WhiteElo "2615"]
[BlackElo "2560"]
[PlyCount "138"]
[EventDate "2022.??.??"]

1. d4 Nf6 2. c4 e6 3. Nc3 d5 4. cxd5 exd5 5. Bg5 c6 6. e3 h6 7. Bh4 Be6 8. Bd3
Nbd7 9. Nge2 g5 10. Bg3 Nh5 11. Qc2 Nxg3 12. Nxg3 h5 13. O-O-O h4 14. Nf5 Nb6
15. g4 h3 16. Kb1 Qc7 17. Ne2 O-O-O 18. Neg3 Kb8 19. f3 Rc8 20. Rc1 c5 21. dxc5
Bxc5 22. Qc3 Nd7 23. Bb5 Qe5 24. Bxd7 Qxc3 25. Rxc3 Bxd7 26. Rd1 Be6 27. e4
Bxf5 28. Nxf5 dxe4 29. fxe4 Bb6 30. Rf3 Bc7 31. Rdd3 Bf4 32. a3 Rc1+ 33. Ka2
Rc2 34. Rxh3 Rxh3 35. Rxh3 Be5 36. Rb3 Rxh2 37. Ne7 Ka8 38. Kb1 a6 39. Nd5 Re2
40. Nb6+ Ka7 41. Nc4 Rxe4 42. Na5 b5 43. Nc6+ Kb6 44. Nxe5 Rxe5 45. Rf3 Re4 46.
Rxf7 Rxg4 47. Rf6+ Kb7 48. Rf7+ Kc6 49. Rf6+ Kd5 50. Rxa6 Rf4 51. Rb6 g4 52.
Rxb5+ Ke4 53. Rb3 Rf3 54. Rb4+ Kf5 55. Rb8 g3 56. Rg8 Kf4 57. Ka2 Ke3 58. a4
Kf2 59. a5 g2 60. Rxg2+ Kxg2 61. b4 Rf8 62. Kb3 Kf3 63. a6 Ke4 64. Kc4 Rc8+ 65.
Kb5 Kd5 66. a7 Ra8 67. Kb6 Kc4 68. Kb7 Rxa7+ 69. Kxa7 Kxb4 1/2-1/2

[Event "2BLW 2122 SC Heimbach-Weis-Neuwied - SV"]
[Site "?"]
[Date "2022.05.01"]
[Round "4.2"]
[White "Michalik, Peter"]
[Black "Ginsburg, Gennadi"]
[Result "1-0"]
[WhiteElo "2581"]
[BlackElo "2405"]
[PlyCount "95"]
[EventDate "2022.??.??"]

1. e4 c5 2. Nf3 e6 3. d4 cxd4 4. Nxd4 a6 5. Bd3 Bc5 6. Nb3 Ba7 7. Qe2 d6 8. Be3
Nc6 9. O-O e5 10. c4 Nf6 11. Nc3 O-O 12. Bxa7 Rxa7 13. Qe3 Be6 14. Rfd1 b6 15.
Be2 Qb8 16. Rac1 Rd8 17. Na1 Nd4 18. Nc2 Nxe2+ 19. Qxe2 Rc8 20. Qd3 Rxc4 21.
Qxd6 Qxd6 22. Rxd6 h5 23. f3 b5 24. a3 Kh7 25. Rcd1 a5 26. Ne3 Rc5 27. Rb6 Nd7
28. Rxb5 Rxb5 29. Nxb5 Rb7 30. Nd6 Rxb2 31. Nxf7 Bxf7 32. Rxd7 Bb3 33. Nf5 a4
34. Rxg7+ Kh8 35. Ra7 Ra2 36. g4 hxg4 37. fxg4 Rxa3 38. g5 Ra1+ 39. Kf2 a3 40.
g6 a2 41. Ra8+ Bg8 42. Ne7 Kg7 43. Rxg8+ Kf6 44. Nd5+ Kg5 45. Ra8 Kxg6 46. Ne3
Kg5 47. Ng2 Kg4 48. Ra3 1-0

[Event "2BLW 2122 SC Heimbach-Weis-Neuwied - SV"]
[Site "?"]
[Date "2022.05.01"]
[Round "4.3"]
[White "Womacka, Mathias"]
[Black "Krejci, Jan"]
[Result "0-1"]
[WhiteElo "2423"]
[BlackElo "2523"]
[PlyCount "74"]
[EventDate "2022.??.??"]

1. e4 c5 2. Nf3 Nc6 3. d4 cxd4 4. Nxd4 Nf6 5. Nc3 d6 6. Be2 g6 7. Nb3 Bg7 8.
O-O O-O 9. Re1 a6 10. Bf1 b5 11. Nd5 Nd7 12. c3 e6 13. Nb4 Nxb4 14. cxb4 Nb6
15. Na5 d5 16. Qb3 Qd6 17. exd5 exd5 18. Bg5 Be6 19. Nb7 Qc6 20. Nc5 Nc4 21.
Nxe6 fxe6 22. Re2 Rf5 23. Bh4 e5 24. Qd1 e4 25. Rc1 d4 26. b3 d3 27. bxc4 bxc4
28. Re3 Qd5 29. g4 Rf7 30. Bg2 Re8 31. Qd2 c3 32. Qd1 Qc4 33. Bg3 c2 34. Qd2
Bb2 35. Ree1 Qc3 36. Bf4 Rxf4 37. Qxf4 Bxc1 0-1

[Event "2BLW 2122 SC Heimbach-Weis-Neuwied - SV"]
[Site "?"]
[Date "2022.05.01"]
[Round "4.4"]
[White "Winterberg, Lukas"]
[Black "Gurevich, Vladimir"]
[Result "1/2-1/2"]
[WhiteElo "2384"]
[BlackElo "2466"]
[PlyCount "62"]
[EventDate "2022.??.??"]

1. d4 Nf6 2. Nf3 e6 3. c4 Bb4+ 4. Bd2 Qe7 5. g3 O-O 6. Bg2 Bxd2+ 7. Qxd2 d5 8.
O-O Nbd7 9. Qc2 c6 10. Nbd2 e5 11. cxd5 Nxd5 12. dxe5 Nxe5 13. Nxe5 Qxe5 14.
Nc4 Qe7 15. a3 Be6 16. Rfd1 Rfd8 17. Rd2 Nb6 18. Nxb6 axb6 19. Rad1 g6 20. h4
b5 21. Qc3 Rxd2 22. Rxd2 Rd8 23. Rxd8+ Qxd8 24. Qe5 Bc4 25. Bf3 f6 26. Qe3 Kg7
27. Kg2 h6 28. Qa7 Qd7 29. Qc5 Be6 30. Qe3 g5 31. hxg5 hxg5 1/2-1/2

[Event "2BLW 2122 SC Heimbach-Weis-Neuwied - SV"]
[Site "?"]
[Date "2022.05.01"]
[Round "4.5"]
[White "Zude, Arno"]
[Black "Schulz, Klaus-Juergen"]
[Result "1-0"]
[WhiteElo "2378"]
[BlackElo "2325"]
[PlyCount "63"]
[EventDate "2022.??.??"]

1. e4 c6 2. d4 d5 3. exd5 cxd5 4. c4 Nf6 5. Nc3 e6 6. Nf3 Nc6 7. cxd5 Nxd5 8.
Bd3 Be7 9. O-O O-O 10. Re1 Nf6 11. a3 b6 12. Bc2 Ba6 13. Bf4 Rc8 14. Rc1 Bc4
15. Bb1 Qd7 16. Ne5 Nxe5 17. Bxe5 g6 18. Qf3 Nd5 19. Ne4 f6 20. Bg3 Ba6 21.
Rxc8 Bxc8 22. h4 Bb7 23. Qd3 f5 24. Ng5 Bxg5 25. hxg5 f4 26. Bh4 f3 27. gxf3
Nf4 28. Qe3 Nh3+ 29. Kh2 Rxf3 30. Qxe6+ Qxe6 31. Rxe6 Nxf2 32. Ba2 1-0

[Event "2BLW 2122 SC Heimbach-Weis-Neuwied - SV"]
[Site "?"]
[Date "2022.05.01"]
[Round "4.6"]
[White "Ronge, Tim"]
[Black "Zude, Erik"]
[Result "1-0"]
[WhiteElo "2182"]
[BlackElo "2385"]
[PlyCount "85"]
[EventDate "2022.??.??"]

1. e4 c5 2. Nf3 d6 3. d4 cxd4 4. Nxd4 Nf6 5. Nc3 a6 6. Be3 e5 7. Nb3 Be7 8. h3
h6 9. Qf3 b5 10. a4 b4 11. Nd5 Nxd5 12. exd5 O-O 13. g4 f5 14. gxf5 Bxf5 15.
Rg1 Kh8 16. Qh5 Qe8 17. Qxe8 Rxe8 18. O-O-O Nd7 19. a5 Nf6 20. f4 Rac8 21. Bd3
Bxd3 22. Rxd3 exf4 23. Bxf4 Rc4 24. Bh2 Rec8 25. Rg2 Ne4 26. Re2 Bf6 27. Kb1
Kh7 28. Rde3 Ng5 29. Bxd6 Rd8 30. Be7 Bxe7 31. Rxe7 Rxd5 32. Ra7 Rd1+ 33. Ka2
Rd6 34. Ree7 Rg6 35. Nc1 Nxh3 36. Kb3 Rc5 37. Nd3 Rg3 38. Rxg7+ Rxg7 39. Rxg7+
Kxg7 40. Nxc5 Nf4 41. Nxa6 Ne6 42. Kc4 h5 43. Nxb4 1-0

[Event "2BLW 2122 SC Heimbach-Weis-Neuwied - SV"]
[Site "?"]
[Date "2022.05.01"]
[Round "4.7"]
[White "Burkart, Patrick"]
[Black "Boidman, Yuri"]
[Result "1/2-1/2"]
[WhiteElo "2317"]
[BlackElo "2310"]
[PlyCount "20"]
[EventDate "2022.??.??"]

1. d4 d6 2. e4 Nf6 3. Nc3 g6 4. Nge2 Bg7 5. g3 O-O 6. Bg2 e5 7. h3 a6 8. a4
Nbd7 9. O-O Re8 10. Re1 b6 1/2-1/2

[Event "2BLW 2122 SC Heimbach-Weis-Neuwied - SV"]
[Site "?"]
[Date "2022.05.01"]
[Round "4.8"]
[White "Puth, Dieter"]
[Black "Fish, Jonathan M"]
[Result "0-1"]
[WhiteElo "2227"]
[BlackElo "2045"]
[PlyCount "70"]
[EventDate "2022.??.??"]

1. d4 Nf6 2. c4 g6 3. Nc3 d5 4. cxd5 Nxd5 5. Bd2 Bg7 6. e4 Nxc3 7. Bxc3 c5 8.
d5 Bxc3+ 9. bxc3 Nd7 10. Bd3 Qa5 11. Qd2 Ne5 12. Be2 c4 13. f4 Nd3+ 14. Bxd3
cxd3 15. Nf3 f5 16. c4 Qc5 17. Qxd3 fxe4 18. Qxe4 O-O 19. Rc1 Bg4 20. Ne5 Qb4+
21. Kf2 g5 22. Nxg4 Rxf4+ 23. Qxf4 gxf4 24. Rhe1 Rc8 25. Nh6+ Kf8 26. Nf5 e6
27. Nh4 exd5 28. Nf3 Rxc4 29. Rcd1 Qc5+ 30. Kf1 Rc2 31. Nd4 Qc4+ 32. Kg1 Rxa2
33. Rf1 Qc3 34. Rxf4+ Ke8 35. Nf3 Qe3+ 0-1

[Event "2BLW 2122 SV Koblenz - SF Neuberg"]
[Site "?"]
[Date "2022.05.01"]
[Round "4.1"]
[White "Lubbe, Nikolas"]
[Black "Feller, Sebastien"]
[Result "1/2-1/2"]
[WhiteElo "2446"]
[BlackElo "2572"]
[PlyCount "40"]
[EventDate "2022.??.??"]

1. d4 Nf6 2. Nf3 g6 3. c4 Bg7 4. e3 O-O 5. Be2 d6 6. Nc3 c5 7. d5 e6 8. O-O
exd5 9. cxd5 Na6 10. Nd2 Nc7 11. e4 Re8 12. a4 Rb8 13. Rb1 Na6 14. Bf3 Nd7 15.
Nb5 Ne5 16. Nxa7 c4 17. Be2 Nc5 18. Nb5 Bd7 19. Nc3 Ned3 20. Nxc4 Nxc1 1/2-1/2

[Event "2BLW 2122 SV Koblenz - SF Neuberg"]
[Site "?"]
[Date "2022.05.01"]
[Round "4.2"]
[White "Balog, Imre"]
[Black "Lubbe, Melanie"]
[Result "1-0"]
[WhiteElo "2587"]
[BlackElo "2308"]
[PlyCount "67"]
[EventDate "2022.??.??"]

1. Nf3 Nf6 2. d4 g6 3. Nc3 d5 4. Bf4 Bg7 5. Nb5 Na6 6. e3 Nh5 7. Bg5 h6 8. Bh4
g5 9. Nd2 Bf5 10. Qxh5 Bg6 11. Qg4 gxh4 12. Bd3 h5 13. Qxh4 Bxd3 14. cxd3 Qd7
15. Nc3 Nb4 16. O-O O-O-O 17. Nb3 Nxd3 18. Rad1 Nxb2 19. Rb1 Bf6 20. Qg3 Qf5
21. Nb5 e5 22. e4 dxe4 23. Rfc1 a6 24. Rxc7+ Kb8 25. Nc5 axb5 26. Rxb7+ Kc8 27.
Qa3 Na4 28. R1xb5 Rxd4 29. Qc1 Nc3 30. Ra5 Kd8 31. Kf1 Rd1+ 32. Qxd1+ Nxd1 33.
Ra8+ Qc8 34. Rd7+ 1-0